<?xml version="1.0" encoding="UTF-8"?>
<collection xmlns="http://www.loc.gov/MARC21/slim">
 <record>
  <leader>01363aam a22002538a 4500</leader>
  <controlfield tag="001">00043578</controlfield>
  <controlfield tag="005">20190219080234.0</controlfield>
  <controlfield tag="008">161214s2009                  ||||||Viesd</controlfield>
  <datafield tag="020" ind1="#" ind2="#">
   <subfield code="c">200000</subfield>
   <subfield code="a">978 604 967 954 4</subfield>
  </datafield>
  <datafield tag="041" ind1="0" ind2="#">
   <subfield code="a">Vie</subfield>
  </datafield>
  <datafield tag="082" ind1="1" ind2="4">
   <subfield code="a">895.922 100 9</subfield>
   <subfield code="b">NGH250TH</subfield>
  </datafield>
  <datafield tag="100" ind1="1" ind2="#">
   <subfield code="a">Vũ, Nhất Lê</subfield>
   <subfield code="e">Sưu tầm, biên soạn</subfield>
  </datafield>
  <datafield tag="245" ind1="1" ind2="0">
   <subfield code="c">Vũ Nhất Lê (Sưu tầm, biên soạn)</subfield>
   <subfield code="a">Nghề thơ cũng lắm công phu</subfield>
  </datafield>
  <datafield tag="250" ind1="#" ind2="#">
   <subfield code="a">tái bản lần thứ nhất (có sữa chữa bổ sung)</subfield>
  </datafield>
  <datafield tag="260" ind1="#" ind2="#">
   <subfield code="a">Hà Nội</subfield>
   <subfield code="b">Hội nhà văn</subfield>
   <subfield code="c">2018</subfield>
  </datafield>
  <datafield tag="300" ind1="#" ind2="#">
   <subfield code="a">551 tr.</subfield>
   <subfield code="c">21 cm.</subfield>
  </datafield>
  <datafield tag="653" ind1="#" ind2="#">
   <subfield code="a">Nghiên cứu khoa học</subfield>
  </datafield>
  <datafield tag="653" ind1="#" ind2="#">
   <subfield code="a">Thơ</subfield>
  </datafield>
  <datafield tag="653" ind1="#" ind2="#">
   <subfield code="a">Thể loại</subfield>
  </datafield>
  <datafield tag="653" ind1="#" ind2="#">
   <subfield code="a">Tác Phẩm</subfield>
  </datafield>
  <datafield tag="653" ind1="#" ind2="#">
   <subfield code="a">Tác giả</subfield>
  </datafield>
  <datafield tag="852" ind1="#" ind2="#">
   <subfield code="j">KM.0026794</subfield>
   <subfield code="j">KM.0026795</subfield>
   <subfield code="j">KM.0026796</subfield>
   <subfield code="j">KM.0026797</subfield>
   <subfield code="j">KM.0026798</subfield>
   <subfield code="j">KM.0026799</subfield>
   <subfield code="j">KM.0026800</subfield>
   <subfield code="j">KM.0026801</subfield>
   <subfield code="j">KM.0026802</subfield>
   <subfield code="j">KM.0026803</subfield>
   <subfield code="j">KM.0026804</subfield>
   <subfield code="j">KM.0026805</subfield>
   <subfield code="j">KM.0026806</subfield>
   <subfield code="j">KM.0026807</subfield>
   <subfield code="j">KM.0026808</subfield>
   <subfield code="j">KM.0026809</subfield>
   <subfield code="j">KM.0026810</subfield>
   <subfield code="j">KM.0026811</subfield>
   <subfield code="j">KM.0026812</subfield>
   <subfield code="j">KM.0026849</subfield>
   <subfield code="j">KM.0026850</subfield>
   <subfield code="j">KM.0026851</subfield>
   <subfield code="j">KM.0026852</subfield>
   <subfield code="j">KM.0026853</subfield>
   <subfield code="j">KM.0026854</subfield>
   <subfield code="j">KM.0026855</subfield>
   <subfield code="j">KM.0026856</subfield>
   <subfield code="j">KM.0026857</subfield>
   <subfield code="j">KM.0026858</subfield>
   <subfield code="j">KM.0026859</subfield>
   <subfield code="j">KM.0026860</subfield>
   <subfield code="j">KM.0026861</subfield>
   <subfield code="j">KM.0026862</subfield>
   <subfield code="j">KM.0026863</subfield>
   <subfield code="j">KM.0026864</subfield>
   <subfield code="j">KM.0026865</subfield>
   <subfield code="j">KM.0026866</subfield>
   <subfield code="j">KM.0026867</subfield>
   <subfield code="j">KM.0026868</subfield>
   <subfield code="j">KD.0025911</subfield>
  </datafield>
  <datafield tag="910" ind1="#" ind2="#">
   <subfield code="d">19/2/2019</subfield>
  </datafield>
  <datafield tag="980" ind1="#" ind2="#">
   <subfield code="a">Trung tâm Học liệu Lê Vũ Hùng, Trường Đại học Đồng Tháp</subfield>
  </datafield>
 </record>
</collection>
